000 00496nam a2200193Ia 4500
005 20250326125811.0
008 250326s9999 xx 000 0 und d
037 _aTextbook
040 _aFMSL
_beng
_cFMSL
041 _aeng
_2eng
084 _aX:8 N7
_qFMSL
100 _aBethel L L
_9737372
245 0 _aIndnstrial organisation & managemnt
_cBethel L L
250 _a4
260 _aNY
_bNY, M G H
_c1967
300 _a704p
942 _cTB
_hX:8 N7
999 _c1279638
_d1279638